书目信息 |
| 题名: |
食用菌病虫杂菌及防治
|
|
| 作者: | 罗信昌 编著 | |
| 分册: | ||
| 出版信息: | 北京 中国农业出版社 1992.07 |
|
| 页数: | 350页 | |
| 开本: | 20cm | |
| 丛书名: | ||
| 单 册: | ||
| 中图分类: | S436.46 | |
| 科图分类: | ||
| 主题词: | 植物--病虫害 , 植物--病虫害防治方法 | |
| 电子资源: | ||
| ISBN: | 7-109-02263-3 | |
| 000 | 00648nam0 2200205 450 | |
| 001 | 0833285162 | |
| 005 | 20080916092028.46 | |
| 010 | @a7-109-02263-3@dCNY6.35 | |
| 100 | @a20080916d1992 km y0chiy0120 ea | |
| 101 | 0 | @achi |
| 102 | @aCN@b110000 | |
| 200 | 1 | @a食用菌病虫杂菌及防治@Ashi yong jun bing chong za jun ji fang zhi@f罗信昌等编著@Fluo xin chang deng bian zhu |
| 210 | @a北京@c中国农业出版社@d1992.07 | |
| 215 | @a350页@d20cm | |
| 606 | 0 | @a植物@x病虫害 |
| 606 | 0 | @a植物@x病虫害防治方法 |
| 690 | @aS436.46@v4 | |
| 701 | 0 | @a罗信昌@Aluo xin chang@4编著 |
| 801 | 0 | @aCN@b大连网信软件有限公司图书馆·11@c20080916 |
| 905 | @aBZT@dS436.46@e375 | |
| 食用菌病虫杂菌及防治/罗信昌等编著.-北京:中国农业出版社,1992.07 |
| 350页;20cm |
| ISBN 7-109-02263-3:CNY6.35 |
| ● |
| 相关链接 |
|
|
|
正题名:食用菌病虫杂菌及防治
索取号:S436.46/375
 
预约/预借
| 序号 | 登录号 | 条形码 | 馆藏地/架位号 | 状态 | 备注 |
| 1 | 064938 | 201280513 | 中心书库中库/ 中库033架A面2列5层36/ [索取号:S436.46/375] | 在馆 | |
| 2 | 064939 | 201280504 | 中心书库中库/ 中库033架A面2列5层35/ [索取号:S436.46/375] | 在馆 | |
| 3 | 064940 | 201280498 | 中心书库中库/ 中库033架A面2列5层34/ [索取号:S436.46/375] | 在馆 | |
| 4 | 064941 | 201280489 | 中心书库中库/ 中库033架A面2列5层33/ [索取号:S436.46/375] | 在馆 | |
| 5 | 064942 | 201280470 | 中心书库中库/ 中库033架A面2列5层32/ [索取号:S436.46/375] | 在馆 |